|
|
|
|
| LEADER |
00000nam0a2200000 4500 |
| 001 |
278830 |
| 005 |
20231101235142.0 |
| 020 |
|
|
|a RU
|b 84-55440
|
| 035 |
|
|
|a (RuTPU)RU\TPU\book\302108
|
| 090 |
|
|
|a 278830
|
| 100 |
|
|
|a 20141215d1984 k y0rusy5003 ca
|
| 101 |
0 |
|
|a rus
|
| 102 |
|
|
|a RU
|
| 105 |
|
|
|a a z 101zb
|
| 200 |
1 |
|
|a В. Г. Шухов - выдающийся инженер и ученый
|e труды объединенной научной сессии АН СССР, посвященной научному и инженерному творчеству почетного академика В. Г. Шухова, янв. 1974 г., Москва
|f Академия наук СССР (АН СССР), Институт истории естествознания и техники (ИИЕТ АН СССР) ; отв. ред. Н. П. Мельников , А. Ю. Ишлинский
|
| 210 |
|
|
|a Москва
|c Наука
|d 1984
|
| 215 |
|
|
|a 94 с.
|c ил.
|d 21 см
|
| 320 |
|
|
|a Библиография в конце статей
|
| 600 |
|
1 |
|a Шухов
|b В. Г.
|c российский инженер
|c изобретатель
|f 1853-1939
|g Владимир Григорьевич
|c строитель
|2 stltpush
|3 (RuTPU)RU\TPU\pers\11531
|
| 606 |
1 |
|
|a Техника
|x История
|2 stltpush
|3 (RuTPU)RU\TPU\subj\68282
|9 83710
|
| 610 |
1 |
|
|a 19 век
|
| 610 |
1 |
|
|a 20 век
|
| 610 |
1 |
|
|a строительная механика
|
| 610 |
1 |
|
|a строительные металлоконструкции
|
| 610 |
1 |
|
|a нефть
|
| 610 |
1 |
|
|a гидравлика
|
| 610 |
1 |
|
|a теплотехника
|
| 675 |
|
|
|a 62(092)
|z rus
|v 4
|
| 702 |
|
1 |
|a Мельников
|b Н. П.
|4 340
|
| 702 |
|
1 |
|a Ишлинский
|b А. Ю.
|4 340
|
| 712 |
0 |
2 |
|a Академия наук СССР (АН СССР)
|b Институт истории естествознания и техники (ИИЕТ АН СССР)
|c (Москва)
|2 stltpush
|3 (RuTPU)RU\TPU\col\8662
|
| 712 |
1 |
2 |
|a В. Г. Шухов - выдающийся инженер и ученый
|c научная сессия
|e Москва
|f 1974
|
| 801 |
|
0 |
|a RU
|b RuMRKP
|c 19950704
|g psbo
|
| 801 |
|
1 |
|a RU
|b 63413507
|c 20141215
|
| 801 |
|
2 |
|a RU
|b 63413507
|c 20180125
|g RCR
|
| 942 |
|
|
|c BK
|